00622nam a2200241Ia 4500001000900000003000500009005001700014008004100031010001100072040000900083082002000092100002600112245005300138250000900191260005800200300001700258504002800275650001200303650001000315650002200325650002100347650001200368dia_1480CHAP20251021145003.0220117s1947 xx 000 0 und d a172021 cCHAP a621.18 F35 1947 aFaires, Virgil Moring aApplied thermodynamics /c Virgil Moring Faires arev. aEstados Unidos de América :b Macmillan Co.,c1947 axvii, 480 p. aIncluye bibliografías aGases  aSteam aTermodinámica  aThermodynamics  aVapor